000 00740nam a2200277Ia 4500
005 20260320195832.0
008 008 262003s9999 xx 000 0 hin d
020 _a9789390971299
037 _aEBOOK
040 _aCRL
040 _bhin
040 _cCRL
041 _2hin
041 _ahin
084 _qCRL
100 _aसुजाता
_91132896
245 0 _aआलोचना के स्त्री पक्ष : पद्दति, परम्परा और पाठ
250 _a2nd
260 _bRajkamal
260 _c2021
300 _a352
856 _uhttps://ebook.indiaread.in/pdfs/Alochana_Ka_Stree_Paksha_By_Sujata.pdf
942 _cEBOOK
999 _c1716755
_d1716755